<?xml version="1.0" encoding="UTF-8"?>
<record
    xmlns:xsi="http://www.w3.org/2001/XMLSchema-instance"
    xsi:schemaLocation="http://www.loc.gov/MARC21/slim http://www.loc.gov/standards/marcxml/schema/MARC21slim.xsd"
    xmlns="http://www.loc.gov/MARC21/slim">

  <leader>03102cam a22003015a 4500</leader>
  <controlfield tag="001">11106806</controlfield>
  <controlfield tag="005">20150610143944.0</controlfield>
  <controlfield tag="008">140619t2015    flua   frb    001 0 eng d</controlfield>
  <datafield tag="020" ind1=" " ind2=" ">
    <subfield code="a">9781482228915 (hardback)</subfield>
  </datafield>
  <datafield tag="040" ind1=" " ind2=" ">
    <subfield code="a">DLC</subfield>
    <subfield code="b">eng</subfield>
    <subfield code="c">DLC</subfield>
    <subfield code="d">DLC</subfield>
    <subfield code="d">WaSeSS</subfield>
    <subfield code="d">EG-ScBUE</subfield>
  </datafield>
  <datafield tag="082" ind1="0" ind2="4">
    <subfield code="a">363.34</subfield>
    <subfield code="2">22</subfield>
    <subfield code="b">PIN</subfield>
  </datafield>
  <datafield tag="100" ind1="1" ind2=" ">
    <subfield code="a">Pine, John C.,</subfield>
    <subfield code="d">1946-</subfield>
    <subfield code="9">38144</subfield>
  </datafield>
  <datafield tag="245" ind1="1" ind2="0">
    <subfield code="a">Hazards analysis :</subfield>
    <subfield code="b">reducing the impact of disasters /</subfield>
    <subfield code="c">John C. Pine.</subfield>
  </datafield>
  <datafield tag="250" ind1=" " ind2=" ">
    <subfield code="a">2nd ed.</subfield>
  </datafield>
  <datafield tag="260" ind1=" " ind2=" ">
    <subfield code="a">Boca Raton :</subfield>
    <subfield code="b">CRC Press / Taylor &amp; Francis Group, </subfield>
    <subfield code="c">c.2015.</subfield>
  </datafield>
  <datafield tag="300" ind1=" " ind2=" ">
    <subfield code="a">xxi, 316 p. :</subfield>
    <subfield code="b">ill. ;</subfield>
    <subfield code="c">25 cm. </subfield>
  </datafield>
  <datafield tag="500" ind1=" " ind2=" ">
    <subfield code="a">Index : p. 309-316. </subfield>
  </datafield>
  <datafield tag="504" ind1=" " ind2=" ">
    <subfield code="a">Includes bibliographical references.</subfield>
  </datafield>
  <datafield tag="520" ind1=" " ind2=" ">
    <subfield code="a">"The impacts of natural and man-made disasters have been increasing at exponential rates over the past few decades. Our global interconnectedness and the scale of disaster events has grown to the point where catastrophic disasters have regional, national, and even global economic consequences. This volume presents a systematic process of hazards identification, vulnerability determination, and consequence assessment for the natural, built, and human environment. The book aims to examine strategies that may be taken at the individual, organization, community, and regional levels to reduce the adverse consequences of disasters and to foster sustainability. "--</subfield>
  </datafield>
  <datafield tag="520" ind1=" " ind2=" ">
    <subfield code="a">"Preface The social, economic and environmental impacts from natural and human caused disasters have increased during the recent decades. The impacts from these disasters are seen on a global scale and are driving efforts to reduce adverse consequences on vulnerable populations and communities. We have attempted to reduce the costs of these disasters but continue to carry out policies that encourage development in vulnerable geographic areas of the world. With threats imposed by global warming, we see that many communities are subject to increasing levels of risk and can achieve sustainable development through appropriately informed planning, protection, mitigation and recovery strategies. Strategies to enhance community resilience to hazards must be based on research that integrates complex social, economic and environmental systems. Hazards Analysis: Reducing the Impacts of Disasters provides a structure and process for understanding the nature of natural and human caused hazards and strategies for building sustainable communities. The key to sustainability is acknowledging the unique nature of the local community and how geography, social systems, the economy and infrastructures influence a community's capacity to withstand and recover from a disaster. This book demonstrates how we use hazards analysis to identify and prioritize risks and develop approaches to community hazard mitigation. The role of hazard risk management is stressed for public, private and non-profit organizations. "--</subfield>
  </datafield>
  <datafield tag="590" ind1=" " ind2=" ">
    <subfield code="a">Sara elBakry</subfield>
  </datafield>
  <datafield tag="650" ind1=" " ind2="0">
    <subfield code="a">System safety</subfield>
    <subfield code="2">BUEsh</subfield>
  </datafield>
  <datafield tag="650" ind1=" " ind2="0">
    <subfield code="a">Industrial safety</subfield>
    <subfield code="2">BUEsh</subfield>
    <subfield code="x">Data processing</subfield>
  </datafield>
  <datafield tag="651" ind1=" " ind2=" ">
    <subfield code="2">BUEsh</subfield>
  </datafield>
  <datafield tag="653" ind1=" " ind2=" ">
    <subfield code="b">ENGGEN</subfield>
    <subfield code="c">June2015</subfield>
  </datafield>
  <datafield tag="655" ind1=" " ind2=" ">
    <subfield code="v">reading book</subfield>
    <subfield code="9">34232</subfield>
  </datafield>
  <datafield tag="942" ind1=" " ind2=" ">
    <subfield code="2">ddc</subfield>
  </datafield>
  <datafield tag="999" ind1=" " ind2=" ">
    <subfield code="c">19535</subfield>
    <subfield code="d">19507</subfield>
  </datafield>
  <datafield tag="952" ind1=" " ind2=" ">
    <subfield code="0">0</subfield>
    <subfield code="1">0</subfield>
    <subfield code="2">ddc</subfield>
    <subfield code="4">0</subfield>
    <subfield code="7">0</subfield>
    <subfield code="8">Baccah</subfield>
    <subfield code="a">MAIN</subfield>
    <subfield code="b">MAIN</subfield>
    <subfield code="c">1ST</subfield>
    <subfield code="d">2015-06-09</subfield>
    <subfield code="e">Purchase</subfield>
    <subfield code="g">450.00</subfield>
    <subfield code="l">0</subfield>
    <subfield code="o">363.34 PIN</subfield>
    <subfield code="p">000038498</subfield>
    <subfield code="r">2025-07-15 00:00:00</subfield>
    <subfield code="v">563.00</subfield>
    <subfield code="y">BB</subfield>
  </datafield>
</record>
